Capacidades y limitaciones del Ejército de Guatemala para combatir el crimen internacional organizado / (Registro nro. 802)
[ vista simple ]
| 000 -CABECERA | |
|---|---|
| campo de control de longitud fija | 01652nam a22002657a 4500 |
| 003 - IDENTIFICADOR DEL NÚMERO DE CONTROL | |
| campo de control | OSt |
| 005 - FECHA Y HORA DE LA ÚLTIMA TRANSACCIÓN | |
| campo de control | 20190619193020.0 |
| 008 - DATOS DE LONGITUD FIJA--INFORMACIÓN GENERAL | |
| campo de control de longitud fija | 160822b xxu||||| |||| 00| 0 esp d |
| 040 ## - FUENTE DE LA CATALOGACIÓN | |
| Centro/agencia transcriptor | DO-SdBJH |
| Centro catalogador/agencia de origen | DO-SdBJH |
| Lengua de catalogación | spa |
| 090 ## - LOCALMENTE ASIGNADO TIPO-LC NÚMERO DE CLASIFICACIÓN (OCLC); NÚMERO DE CLASIFICACIÓN LOCAL (RLIN) | |
| Número de clasificación (OCLC) (R) ; Numero de clasificación, CALL (RLIN) (NR) | TG EGAE |
| Número cutter local (OCLC) ; Número de libro/Signatura topográfica íntegra, CALL (RLIN) | 00580 2012 |
| 100 1# - ENTRADA PRINCIPAL--NOMBRE DE PERSONA | |
| Nombre de persona | Sánchez Mejicanos, Arturo Rafael |
| Término indicativo de función/relación | sustentante |
| 245 10 - MENCIÓN DE TÍTULO | |
| Título | Capacidades y limitaciones del Ejército de Guatemala para combatir el crimen internacional organizado / |
| Mención de responsabilidad, etc. | Arturo Rafael Sánchez Mejicanos, asesores Ysidro López Aquino, Eduardo Cabrera Rodríguez |
| 260 ## - PUBLICACIÓN, DISTRIBUCIÓN, ETC. | |
| Lugar de publicación, distribución, etc. | Santo Domingo Este : |
| Nombre del editor, distribuidor, etc. | INSUDE, |
| Fecha de publicación, distribución, etc. | 2012 |
| 300 ## - DESCRIPCIÓN FÍSICA | |
| Extensión | xvii, 74 páginas, ilustraciones-regiones militares-tramos |
| 502 ## - NOTA DE TESIS | |
| Nota de tesis | Tesis (Especialidad en Comando y Estado Mayor Aéreo). -- Instituto Superior para la Defensa (INSUDE). Escuela de Graduados de Estudios Aeronáuticos, 2012. |
| 504 ## - NOTA DE BIBLIOGRAFÍA, ETC. | |
| Nota de bibliografía, etc. | Incluye referencias bibliográficas e índices |
| 505 ## - NOTA DE CONTENIDO CON FORMATO | |
| Nota de contenido con formato | Ámbitos de acción del crimen internacional Organizado en la República de Guatemala. -- Fortalezas y debilidades del Ejército de Guatemala para combatir el crimen internacional organizado. -- Análisis y presentación de los datos del trabajo de campo.<br/> |
| 650 #4 - PUNTO DE ACCESO ADICIONAL DE MATERIA--TÉRMINO DE MATERIA | |
| Término de materia o nombre geográfico como elemento de entrada | Fuerza Aérea Dominicana. Escuela de Graduados Ejército de Guatemala -- Fortalezas y debilidades |
| 650 #4 - PUNTO DE ACCESO ADICIONAL DE MATERIA--TÉRMINO DE MATERIA | |
| Término de materia o nombre geográfico como elemento de entrada | Combate al crimen organizado -- Sociedad y economía -- Efectos |
| 650 #4 - PUNTO DE ACCESO ADICIONAL DE MATERIA--TÉRMINO DE MATERIA | |
| Término de materia o nombre geográfico como elemento de entrada | Políticas de Seguridad y Defensa -- República de Guatemala |
| 700 1# - PUNTO DE ACCESO ADICIONAL--NOMBRE DE PERSONA | |
| Nombre de persona | López Aquino, Ysidro |
| Término indicativo de función/relación | asesor |
| 700 1# - PUNTO DE ACCESO ADICIONAL--NOMBRE DE PERSONA | |
| Nombre de persona | Cabrera Rodríguez, Eduardo |
| Término indicativo de función/relación | asesor |
| 830 ## - PUNTO DE ACCESO ADICIONAL DE SERIE-TÍTULO UNIFORME | |
| Título uniforme | INSUDE. Escuela de Graduados de Estudios Aeronáuticos. Tesis y disertaciones académicas |
| 942 ## - ELEMENTOS DE PUNTO DE ACCESO ADICIONAL (KOHA) | |
| Fuente del sistema de clasificación o colocación | Clasificación Local |
| Tipo de ítem Koha | Tesis |
| Estado de retiro | Estado de pérdida | Fuente del sistema de clasificación o colocación | Estado dañado | No para préstamo | Código de colección | Localización permanente | Ubicación/localización actual | Fecha de adquisición | Número de inventario | Total de préstamos | Signatura topográfica completa | Código de barras | Fecha visto por última vez | Número de copia | Precio válido a partir de | Tipo de ítem Koha |
|---|---|---|---|---|---|---|---|---|---|---|---|---|---|---|---|---|
| Clasificación Local | Préstamo Interno | Trabajos de Grado e Investigción | SIBM UNADE - Biblioteca Sede Central | SIBM UNADE - Biblioteca Sede Central | 08/22/2016 | 12-00580 | TG EGAE 00580 2012 | 12-00580 | 10/06/2018 | e.1 | 08/22/2016 | Tesis | ||||
| Dewey Decimal Classification | Colección General | SIBM UNADE - Biblioteca Escuela de Graduados de Comando y Estado Mayor Aéreo, FARD | SIBM UNADE - Biblioteca Escuela de Graduados de Comando y Estado Mayor Aéreo, FARD | 08/19/2019 | IMESA20002 | TG EGAE 00580 2012 | IMESA20002 | 08/19/2019 | ej:2 | 08/19/2019 | Tesis | |||||
| Dewey Decimal Classification | Colección General | SIBM UNADE - Biblioteca Escuela de Graduados de Comando y Estado Mayor Aéreo, FARD | SIBM UNADE - Biblioteca Escuela de Graduados de Comando y Estado Mayor Aéreo, FARD | 08/19/2019 | IMESA20003 | TG EGAE 00580 2012 | IMESA20003 | 08/19/2019 | ej:2 | 08/19/2019 | Tesis |
